| 000 | 00378nam a2200157Ia 4500 | ||
|---|---|---|---|
| 005 | 20250430012214.0 | ||
| 008 | 240331s9999 xx 000 0 und d | ||
| 020 | _a955520216 | ||
| 082 |
_bRAJ _a891 |
||
| 100 | _aRajapaksha,A | ||
| 245 | 0 | _aGal boralu nopaguu paa yuga | |
| 260 |
_aColombo _bLake House Investments _c1986 |
||
| 300 | _a127 p ., | ||
| 650 | _aNovel | ||
| 942 | _cL | ||
| 999 |
_c4910 _d4910 |
||